[Event "FIDE Online-ch U18 Open 2020"]
[Site "Online"]
[Date "2020.12.19"]
[Round "1.1"]
[White "Esipenko, Andrey"]
[Black "Machinya Desire"]
[Result "1-0"]
[WhiteElo "2683"]
[BlackElo "1638"]
[Annotator "TA"]
[PlyCount "67"]
[EventDate "2020.12.19"]
[EventType "k.o."]
[EventCountry "NET"]
[SourceTitle "playchess.com"]
[Source "ChessBase"]
[SourceQuality "1"]

{[%evp 17,67,22,34,-25,-14,-24,-25,-10,38,37,51,50,78,47,43,0,93,27,91,29,106,96,108,87,167,155,143,102,215,211,314,329,396,402,383,298,402,404,383,357,516,510,507,503,682,664,790,754,1138,1131,1100,1100]} 1. d4 Nf6 2. c4 g6 3. Nc3 d5 4. cxd5 Nxd5 5. e4 Nxc3 6. bxc3 Bg7 7. Nf3 O-O 8. Be3 c5 9. Qd2 Bg4 10. Rb1 {D85: Exchange Grünfeld: Unusual White 7th moves and lines with 7 Nf3.} ({White should try} 10. Be2 $14) 10... Bxf3 $11 11. gxf3 cxd4 12. cxd4 {Black has an edge.} b6 13. Be2 {[#]} Nd7 $146 ({Predecessor:} 13... Nc6 14. d5 Ne5 15. f4 Nd7 16. O-O Rc8 17. Rfc1 Nc5 18. f3 Na4 19. e5 Rxc1+ 20. Rxc1 {½-½ (27) Koehnke,M-Unverricht,S Passau 1997}) 14. O-O Qc7 15. Ba6 Rad8 16. Rbc1 Qb8 {[#]} (16... Nc5 $1 $11) 17. Qc2 ({Better is} 17. Qb4 $1 $16) 17... Qd6 {[#]} (17... e5 $11 {remains equal.}) 18. Rfd1 (18. e5 $1 $16 {[%cal Re5d6]} Qa3 19. Bc4) 18... Nb8 (18... Qf6 $11) 19. Bf1 $36 {[%mdl 2048] White is on the roll.} Qd7 20. Qc7 f5 (20... Qa4 $16 {is a better defense.}) 21. Qxd7 $18 Rxd7 22. d5 h6 (22... f4 $16) 23. Bb5 Rdd8 (23... Rb7 {was called for.} 24. exf5 gxf5) 24. Rc7 fxe4 25. fxe4 a6 26. Be2 b5 27. Rxe7 Nd7 28. f4 Rfe8 (28... g5 $142 29. fxg5 hxg5) 29. Rxe8+ {White is clearly winning.} Rxe8 30. e5 Nb8 31. d6 Nd7 32. Bg4 Rd8 33. Bxd7 Rxd7 34. e6 {Accuracy: White = 66%, Black = 23%.} 1-0

[Event "FIDE Online-ch U18 Open 2020"]
[Site "Online"]
[Date "2020.12.19"]
[Round "1.2"]
[White "Nihal Sarin"]
[Black "Schnabel, Johann Emil"]
[Result "1-0"]
[WhiteElo "2620"]
[BlackElo "1744"]
[Annotator "TA"]
[PlyCount "55"]
[EventDate "2020.12.19"]
[EventType "k.o."]
[EventCountry "NET"]
[SourceTitle "playchess.com"]
[Source "ChessBase"]
[SourceQuality "1"]

{[%evp 9,55,-15,10,10,18,13,20,20,17,14,24,21,33,32,36,35,33,30,51,19,24,3,2,6,27,25,28,0,3,-95,17,20,56,0,75,83,114,106,450,439,536,312,339,303,1362,958,865,839]} 1. b3 Nf6 2. Bb2 g6 3. Bxf6 exf6 4. c4 Bg7 5. Nc3 O-O 6. g3 {A01: Nimzowitsch-Larsen Opening.} d6 7. Bg2 Nd7 8. e3 {The position is equal.} f5 9. Nge2 {[#]} Rb8 $146 ({Predecessor:} 9... Nf6 10. O-O h5 11. h4 Ng4 12. f4 c6 13. b4 Bd7 14. Rb1 Bf6 15. b5 Bxh4 16. gxh4 Qxh4 {0-1 (50) Lagarde,M (2657)-Henderson de la Fuente,L (2494) chess24.com INT 2019}) 10. O-O b6 11. Rc1 Bb7 12. Bxb7 Rxb7 13. d4 Nf6 14. Nf4 c6 15. Qf3 Rc7 16. b4 a6 17. a4 {[%cal Ba2a4,Ba4b5][%mdl 32]} Bh6 18. b5 (18. Rfd1 {is interesting.} Re8 19. c5 Rc8 20. b5 Bxf4 21. exf4 axb5 22. axb5 d5 23. Qd3) 18... Bxf4 19. Qxf4 (19. exf4 $11 {keeps the balance.} Qd7 20. bxa6) 19... axb5 (19... cxb5 $17 20. axb5 Rxc4) 20. axb5 $11 d5 21. cxd5 (21. bxc6 $14 Rxc6 22. Qf3) 21... cxd5 {[#]} (21... cxb5 $1 $11 22. Nxb5 (22. d6 $2 Rxc3 {[%mdl 64] Decoy} 23. Rxc3 Nd5 $19 {[%mdl 64] Double Attack}) 22... Nxd5) 22. Ne4 $1 $16 {[%cal Re4f6] Black must now prevent Nxf6+.} Rc4 23. Nd6 Rb4 $2 {[%mdl 8192] This move loses the game for Black.} (23... Rc7 $16 {is tougher.}) 24. Rc8 $18 Qd7 25. Rxf8+ Kxf8 26. Rc1 {[#] Strongly threatening Qh6+.} Ne4 $2 (26... Kg7 27. Rc7 Qxc7 28. Nxf5+ {[%mdl 64] Discovered Attack} gxf5 29. Qxc7 Rxb5) 27. Rc8+ Kg7 28. Ne8+ {Weighted Error Value: White=0.32/Black=0.60} 1-0

[Event "FIDE Online-ch U18 Open 2020"]
[Site "Online"]
[Date "2020.12.19"]
[Round "1.2"]
[White "Sargsyan, Shant"]
[Black "Beukes, Dante M"]
[Result "1-0"]
[WhiteElo "2596"]
[BlackElo "2206"]
[Annotator "TA"]
[PlyCount "87"]
[EventDate "2020.12.19"]
[EventType "k.o."]
[EventCountry "NET"]
[SourceTitle "playchess.com"]
[Source "ChessBase"]
[SourceQuality "1"]

{[%evp 9,87,2,2,-2,0,-2,10,6,20,8,12,1,18,10,14,5,126,73,213,207,201,215,213,217,226,220,219,208,214,218,320,295,317,275,311,310,341,347,350,355,339,333,366,359,365,367,372,367,415,413,409,397,404,398,431,423,415,407,693,691,816,825,865,864,6004,985,925,759,726,705,804,820,963,920,918,916,29997,5809,29996,29997]} 1. d4 Nf6 2. Nf3 g6 3. Nc3 d5 4. Bf4 Bg7 5. Nb5 Na6 6. e3 {D00: 1 d4 d5: Unusual lines.} c6 7. Nc3 Qa5 8. Qd2 {The position is equal.} O-O 9. h3 b5 {[#]} 10. Ne4 $146 ({Predecessor:} 10. Bd3 b4 11. Ne2 c5 12. c3 c4 13. Bb1 bxc3 14. Nxc3 Bb7 15. O-O Rac8 16. Qe2 {0-1 (63) Di Benedetto,D (2235)-Bivol,A (2371) Linares 2019}) 10... Qxd2+ 11. Nexd2 Nb4 12. Kd1 Bf5 {[#]} (12... Ne4 $11 {remains equal.} 13. Nxe4 dxe4) 13. c3 (13. a3 $142 $1 {[%cal Ra3b4]} Na6 14. a4) 13... Na6 {Now Black is done in.} (13... Ne4 $16) 14. a4 $18 Nb8 15. axb5 cxb5 16. Bxb5 Bd7 17. Bxd7 Nfxd7 18. Ke2 f6 19. Ra5 Nb6 (19... e6 {keeps fighting.} 20. Rha1 Nc6) 20. Bc7 N8d7 21. Bxb6 axb6 22. Rxd5 Rfd8 23. Nc4 Ra6 24. Nfd2 Kf7 25. f4 Bf8 26. g4 e6 27. Rb5 Rc8 28. g5 Be7 29. gxf6 Kxf6 30. h4 Kg7 31. h5 Bd8 32. hxg6 hxg6 33. Rg1 Nf6 (33... Bc7 $142 34. Rbg5 Nf8) 34. Ne5 Nd5 35. Rxg6+ {[%mdl 64] [#] Double Attack} Kh7 36. Rxe6 Ra2 37. Kd3 Nc7 38. Rexb6 Nxb5 39. Rxb5 Kg7 40. Ne4 Ra1 41. Nd6 Rca8 42. Rb7+ Kf6 43. Ke4 (43. Ne8+ $142 Ke6 44. Ng7+ Kf6 45. Rf7#) 43... Ke6 44. Nf5 {Accuracy: White = 90%, Black = 49%.} 1-0

[Event "FIDE Online-ch U18 Open 2020"]
[Site "Online"]
[Date "2020.12.19"]
[Round "1.2"]
[White "Sonis, Francesco"]
[Black "Talukdar, Rohan"]
[Result "1-0"]
[WhiteElo "2483"]
[BlackElo "2341"]
[Annotator "TA"]
[PlyCount "101"]
[EventDate "2020.12.19"]
[EventType "k.o."]
[EventCountry "NET"]
[SourceTitle "playchess.com"]
[Source "ChessBase"]
[SourceQuality "1"]

{[%evp 17,101,25,32,31,63,24,37,32,36,16,6,8,74,77,70,80,97,99,141,66,116,4,41,46,53,50,68,89,89,77,93,50,92,39,42,19,517,495,508,499,496,222,579,487,536,539,1143,481,481,481,481,481,481,476,476,474,478,478,477,470,514,486,703,700,911,894,864,802,1235,1180,1318,1304,1286,1275,1256,1236,1231,1170,5297,2826,29981,29982,29984,29982,29985,29985]} 1. Nf3 Nf6 2. b3 g6 3. Bb2 Bg7 4. g3 O-O 5. Bg2 d6 6. d4 e5 7. dxe5 Nfd7 8. O-O dxe5 9. e4 Nc6 10. Qe2 {A49: 1 d4 Nf6 2 Nf3 g6 3 g3: Anti-King's Indian systems.} a5 {[%cal Ba7a5,Ba5a4,Ba4a3][%mdl 32] [#]} 11. Rd1 $146 ({Predecessor:} 11. Nc3 b6 12. Rfd1 Ba6 13. Nb5 Qe7 14. c4 Nc5 15. Nc3 f6 16. Nd5 Qf7 17. Rab1 Rfb8 {½-½ (26) Schmitz,J (2320)-Thiede,L (2402) Germany 1999}) 11... a4 $1 12. Na3 {White is slightly better.} Qe7 13. Nc4 {With the idea Ba3.} a3 14. Bc3 b5 (14... Re8 $11 {remains equal.}) 15. Ne3 $16 b4 16. Nd5 $36 {[%mdl 2048] White is really pushing.} Qc5 17. Bd2 Nb6 18. Nxc7 (18. Qe1 $16) 18... Ra5 19. Rac1 ({Better is} 19. Nd5 $16) 19... Nd4 20. Nxd4 exd4 21. Nd5 $1 Nxd5 22. exd5 {Hoping for Qc4.} Bf5 23. Bg5 Ra7 24. Qd2 Rc8 25. Re1 (25. Bh6 $16) 25... h5 26. h3 Bxc2 $2 {[%mdl 8192] [#] This costs Black the game.} (26... Rd7 $11 {and Black has nothing to worry.}) 27. Be4 $18 d3 28. Bxd3 Qxd5 29. Bxc2 (29. Rxc2 $142 Rxc2 30. Re8+ (30. Qxc2 Qxg5 31. Re8+ Kh7 $11) 30... Bf8 31. Bxc2 {[%mdl 64] Discovered Attack} Qxd2 32. Bxd2) 29... Qa5 $2 (29... Qxd2 30. Bxd2 Bb2) 30. Qf4 Rac7 31. Bd3 {[#] Rxc7 is the strong threat.} Be5 32. Qxe5 (32. Rxc7 $142 Bxc7 33. Qf6) 32... Qxe5 33. Rxe5 Rxc1+ 34. Bxc1 Rxc1+ {[%mdl 4096] Endgame KRB-KR} 35. Bf1 Ra1 36. Re2 Kg7 37. f4 Kf6 38. g4 hxg4 39. hxg4 g5 (39... Rd1 $142 40. Kg2 g5) 40. f5 Rb1 41. Kf2 Ra1 42. Bg2 Kg7 43. Ke3 Kf6 44. Kd4 Rc1 45. Bd5 Rg1 46. Rg2 Rd1+ 47. Kc5 Ke5 48. Bxf7 Rb1 49. Bc4 {White mates.} Kf6 50. Kxb4 Rb2 51. Re2 {Accuracy: White = 65%, Black = 35%.} 1-0

[Event "FIDE Online-ch U18 Open 2020"]
[Site "Online"]
[Date "2020.12.19"]
[Round "1.2"]
[White "Gholami Orimi, Mahdi"]
[Black "Sankalp Gupta"]
[Result "1/2-1/2"]
[WhiteElo "2428"]
[BlackElo "2429"]
[Annotator "TA"]
[PlyCount "81"]
[EventDate "2020.12.19"]
[EventType "k.o."]
[EventCountry "NET"]
[SourceTitle "playchess.com"]
[Source "ChessBase"]
[SourceQuality "1"]

{[%evp 14,81,36,33,64,21,77,9,9,9,12,-3,0,-2,-8,-15,-16,-8,0,-13,0,0,8,18,12,-7,-17,-39,-7,-19,-5,-11,0,-21,12,18,39,39,29,33,25,25,26,24,42,37,317,321,292,291,334,329,316,292,307,311,383,382,344,0,333,252,254,266,247,238,292,279,254,215]} 1. d4 Nf6 2. c4 g6 3. Nc3 Bg7 4. e4 d6 5. Be2 Nbd7 6. Nf3 e5 7. O-O O-O 8. Be3 Qe7 {E94: King's Indian: Classical: 6 Be2 e5 7 0-0: Various Black 7th moves.} 9. Re1 c6 (9... exd4 $11 10. Bxd4 (10. Qxd4 Ng4 $15) 10... Re8) 10. Qd2 ({White should try} 10. d5 $16) 10... exd4 $11 {The position is equal.} 11. Bxd4 Nc5 {[#]} 12. e5 $146 ({Predecessor:} 12. Bf1 Nfxe4 13. Qc2 f5 14. b4 Bxd4 15. Nxd4 Ne6 16. Nxe6 Bxe6 17. Nxe4 fxe4 18. Qxe4 {1-0 (30) Svane,R (2549)-Deszczynski,A (2366) Warsaw 2016}) 12... dxe5 $1 13. Bxe5 {[#] Threatens to win with Bd6.} Rd8 14. Qf4 Nh5 15. Qe3 Bf5 16. Bf1 Bf8 17. Nd4 f6 18. Nxf5 Qxe5 19. Qxe5 fxe5 20. Ne3 Nf4 21. g3 Nfe6 22. Rad1 Nd4 {[#] And now ...Nf3+ would win.} 23. Kg2 h5 24. b4 $1 {[%cal Rb4c5]} Nd7 25. c5 a5 26. a3 {[%cal Ba2a3,Ba3b4][%mdl 32]} axb4 27. axb4 b6 28. Nc4 b5 29. Nxe5 Nc2 $2 {[%mdl 8192]} (29... Nxe5 $14 30. Rxe5 Bg7) 30. Nxc6 $18 Nxe1+ 31. Rxe1 Rdc8 32. Bxb5 Nf6 33. Ne7+ Bxe7 34. Rxe7 Kf8 35. Re6 Kg7 36. Re7+ $2 (36. Bc4 $18) 36... Kh6 $2 {[%mdl 8192]} (36... Kf8 $1 $11 {and Black is okay.} 37. Re6 Kg7) 37. h4 Ra3 38. Ne4 Nxe4 39. Rxe4 Kg7 40. Bd7 Rc7 41. c6 {Weighted Error Value: White=0.27/Black=0.40} 1/2-1/2

[Event "FIDE Online-ch U18 Open 2020"]
[Site "Online"]
[Date "2020.12.19"]
[Round "1.2"]
[White "Sahidi, Samir"]
[Black "Wang, Justin"]
[Result "1/2-1/2"]
[WhiteElo "2407"]
[BlackElo "2447"]
[Annotator "TA"]
[PlyCount "173"]
[EventDate "2020.12.19"]
[EventType "k.o."]
[EventCountry "NET"]
[SourceTitle "playchess.com"]
[Source "ChessBase"]
[SourceQuality "1"]

{[%evp 9,173,0,7,0,17,4,6,-25,-16,-12,13,-8,0,-15,0,0,0,0,0,-26,1,-6,24,0,23,0,31,9,9,11,23,24,35,20,20,20,20,20,20,20,20,18,39,22,26,26,29,11,11,8,18,18,18,18,20,18,18,18,18,18,30,30,30,30,30,30,30,30,54,0,0,0,0,0,0,0,0,0,0,0,0,0,0,0,0,0,0,0,0,0,0,0,0,0,0,0,0,0,0,0,0,0,0,0,0,0,0,0,0,0,0,0,0,0,0,0,0,0,0,0,0,0,0,0,0,0,0,0,0,0,0,0,0,0,0,0,0,0,0,0,0,0,0,0,0,0,0,0,0,0,0,0,0,0,0,0,0,0,0,0,0,0,0,0,0,0]} 1. d4 Nf6 2. Nf3 e6 3. g3 d5 4. Bg2 b5 5. O-O Bb7 6. Bf4 {A46: 1 d4 Nf6 2 Nf3 e6: Torre, London and Colle Systems.} Bd6 7. Nbd2 {[#]} O-O $146 ({Predecessor:} 7... Nbd7 8. e3 a5 9. Ne5 O-O 10. g4 Ne8 11. Bg3 c5 12. f4 f6 13. Nxd7 Qxd7 {0-1 (36) Admiraal,M (2173)-Petran,P (2369) Budapest 2009}) 8. Bxd6 Qxd6 9. c3 c5 10. Ne5 Nfd7 11. Ndf3 Nxe5 12. Nxe5 Nc6 13. Nxc6 Bxc6 14. a3 Rac8 15. Qd2 Bb7 16. Rfe1 cxd4 17. Qxd4 Qc5 18. Rad1 Qxd4 19. Rxd4 Rc4 20. e3 Rxd4 21. exd4 $11 {[%mdl 4096] Endgame KRB-KRB} Bc6 22. f4 g6 23. Kf2 a5 24. Ke3 Rb8 25. g4 Kg7 26. Kd2 Kf6 27. h4 Rg8 28. b4 Ra8 {Black wants to play ...axb4.} 29. Re3 a4 30. Ke2 Rh8 31. Re5 Rc8 32. Kf2 Bd7 33. Re3 Rh8 34. Kg3 h5 35. g5+ Kg7 36. Bf3 Bc6 37. Be2 Re8 38. Bd1 f5 39. gxf6+ ({Better is} 39. Kf3 $14) 39... Kxf6 {The position is equal.} 40. Bc2 Rc8 41. Kf2 Be8 42. Ke2 Rb8 43. Rg3 Rc8 44. Kd2 Rb8 45. Bd3 Rc8 46. Rg5 Rd8 47. Bf1 Rb8 48. Bh3 Bf7 49. Re5 Rb7 50. Kd3 Rb8 51. Kd2 Rb7 52. Rg5 Rb8 53. Bf1 Be8 54. Be2 Rd8 55. Bd3 Rb8 56. Re5 Rd8 57. Bf1 Rb8 58. Bh3 Bf7 59. Kd3 Rb6 60. Bg2 Rb8 61. Bf3 {Cut Off at move 61} Rb6 62. Kd2 Rb8 63. Be2 Be8 64. Bd3 Rd8 65. Re3 Rb8 66. Ke2 Rd8 67. Kf3 Rb8 68. Bf1 Bf7 69. Kg3 Rb6 70. Be2 Rb8 71. Bd3 Be8 72. Bc2 Rc8 73. Kf3 Bf7 74. Bd1 Be8 75. Be2 Rc7 76. Kf2 Rc8 77. Bf3 Bf7 78. Be2 Be8 79. Kg3 Rc7 80. Bf1 Rb7 81. Kf2 Rb8 82. Be2 Bf7 83. Bf1 Rb7 84. Bh3 Rb8 85. Ke2 Rb6 86. Kd2 Rb8 87. Re5 {Weighted Error Value: White=0.05/Black=0.05} 1/2-1/2

[Event "FIDE Online-ch U18 Open 2020"]
[Site "Online"]
[Date "2020.12.19"]
[Round "1.2"]
[White "Soto, Miguel Angel"]
[Black "Iniyan, P."]
[Result "0-1"]
[WhiteElo "2273"]
[BlackElo "2506"]
[Annotator "TA"]
[PlyCount "164"]
[EventDate "2020.12.19"]
[EventType "k.o."]
[EventCountry "NET"]
[SourceTitle "playchess.com"]
[Source "ChessBase"]
[SourceQuality "1"]

{[%evp 23,164,24,27,-16,-11,-21,0,-13,0,-20,0,-4,0,0,0,0,0,0,20,-41,-46,-41,-41,-42,-51,-109,-50,-96,-78,-92,-44,-65,68,49,39,39,67,3,22,22,22,22,22,22,22,22,23,23,27,8,8,0,30,40,88,60,101,81,86,8,8,8,8,0,0,0,0,0,0,0,0,-10,-10,-10,-10,-10,-10,-10,-10,-10,-10,-22,-22,-22,-22,-22,-22,-22,-22,-35,-35,-35,-35,-35,-35,-35,-35,-39,-39,-39,-39,-39,-39,-39,-35,-49,-49,-49,-49,-49,-39,-49,-49,-49,-35,-39,-16,-22,-22,-91,-91,-91,-91,-91,-91,-91,-91,-91,-91,-91,-128,-139,-139,-1906,-139,-1378,-1378,-4631,-583,-29968,-29966,-29969,-29961]} 1. e4 c5 2. Nf3 d6 3. d4 cxd4 4. Nxd4 Nf6 5. Nc3 a6 6. Be3 e5 7. Nf3 Qc7 8. a4 Be7 9. a5 Nbd7 10. Be2 O-O 11. O-O b5 12. axb6 Nxb6 13. Nd5 {B90: Sicilian Najdorf: Unusual White 6th moves, 6 Be3 Ng4 and 6 Be3 e5.} (13. Qd3 {looks sharper.} Rd8 14. Nd2 Bb7 15. Bf3 Nfd7 16. Qe2) 13... Nbxd5 14. exd5 Qb7 15. c4 {The position is equal.} Bf5 {[#]} 16. b3 $146 ({Predecessor:} 16. Nh4 Bd7 17. Rb1 Nxd5 18. Bf3 Bxh4 19. Qxd5 Qxd5 20. Bxd5 Rab8 21. b4 Be6 22. Rfd1 Bxd5 23. Rxd5 {0-1 (36) La Rocca,R (2059)-Kloss,H (2064) Germany 2012}) 16... Bd8 17. Ra4 Bc7 18. Nd2 Rfb8 19. Bf3 Bb6 20. Qe2 Nd7 21. Rfa1 (21. b4 $11) 21... Bxe3 $15 22. Qxe3 Nc5 23. R4a3 Qb4 24. h3 (24. Bd1 $15) 24... Bg6 (24... Bc2 $1 $17 25. R3a2 Bxb3) 25. R1a2 f5 26. Qg5 Qc3 27. h4 {White wants to play h5.} Nxb3 (27... f4 $1 $15 28. Qe7 Bc2 29. Qxd6 Qxd2 30. Qxc5 e4) 28. Nxb3 $14 Rxb3 29. Rxa6 Rf8 {Threatens to win with ...e4.} 30. h5 ({White should try} 30. Ra8 $14 Rb1+ 31. Kh2) 30... Rb1+ 31. Kh2 e4 32. hxg6 $40 {[%mdl 128] White mounts an attack.} exf3 33. Ra8 {White threatens Rxf8+ and mate.} Qe5+ 34. g3 {Threatening mate with Rxf8+.} Rbb8 35. gxh7+ Kh8 $1 36. R8a7 Qd4 37. Qf4 Qxf4 38. gxf4 $11 {[%mdl 4096] Endgame KRR-KRR} Rfe8 39. Kg3 Re4 40. Rc7 Rb1 41. Ra6 (41. Ra8+ $16 Kxh7 42. Rf8) 41... Rg1+ 42. Kxf3 Rg4 43. c5 dxc5 44. d6 Rexf4+ 45. Ke2 {Hoping for d7.} Rd4 46. d7 Kxh7 47. Ra8 Rge4+ 48. Kf1 Rd1+ 49. Kg2 Rg4+ 50. Kf3 Rgd4 51. Rxc5 g6 52. Ra6 Rxd7 53. Rcc6 Rg1 54. Rd6 Rb7 55. Rab6 Rg7 56. Rb4 Ra7 57. Rdb6 Kh6 58. Rb7 Ra2 59. Rb2 Raa1 60. Kf4 Ra4+ 61. Kf3 {Cut Off at move 61} Kh5 62. Rb1 Rgg4 63. R7b3 Rh4 64. Rb5 Ra3+ 65. Kg2 Rg4+ 66. Kf1 Rh3 67. Ke2 Re4+ 68. Kf1 $1 Rhh4 69. R1b3 Rh1+ 70. Kg2 Reh4 71. Rg3 (71. Rb8 $11 {remains equal.}) 71... R4h2+ $17 72. Kf3 Ra1 {And now ...Ra3+ would win.} 73. Rb8 {[%cal Rb8h8]} Ra3+ 74. Ke2 {[%cal Rb8h8]} Rxg3 75. Rh8+ Kg4 76. Rxh2 {KR-KR} Rg1 {...f4 is the strong threat.} 77. Rh6 {[#]} g5 $1 78. Ra6 $2 {[%mdl 8192] [#]} (78. Rg6 $17) 78... Rb1 $2 (78... f4 $1 $19 {[%cal Rf4f3] Strongly threatening ...f3+.} 79. Rf6 Ra1) 79. Ra3 $2 {[%mdl 8192] Loses the game.} (79. Ra5 $17) 79... f4 $19 80. Ra4 Kh3 {aiming for ...Kg2.} 81. Ra3+ Kg2 82. Ra2 Rf1 {Weighted Error Value: White=0.16/Black=0.14} 0-1

[Event "FIDE Online-ch U18 Open 2020"]
[Site "Online"]
[Date "2020.12.19"]
[Round "1.2"]
[White "Hepler Ramirez, Narayana"]
[Black "Shevchenko, Kirill"]
[Result "1-0"]
[WhiteElo "2117"]
[BlackElo "2592"]
[Annotator "TA"]
[PlyCount "133"]
[EventDate "2020.12.19"]
[EventType "k.o."]
[EventCountry "NET"]
[SourceTitle "playchess.com"]
[Source "ChessBase"]
[SourceQuality "1"]

{[%evp 22,133,17,18,35,30,27,29,25,26,41,12,0,9,0,0,0,0,0,0,15,-43,-45,-40,-42,-54,-18,-8,38,-44,21,-31,55,0,0,0,0,0,52,59,38,0,0,-7,0,-7,-7,-7,-7,-7,0,0,0,0,0,0,0,8,8,8,316,314,249,259,671,627,706,522,675,671,663,655,723,704,722,712,613,450,435,467,643,606,777,759,1008,995,1063,1041,2901,2791,2886,2698,1731,773,1013,755,1011,1231,1279,642,1067,771,29972,29969,29984,29985,29985,29986,29986,29985,29985,29986,29986,29987]} 1. d4 Nf6 2. c4 g6 3. Nc3 Bg7 4. e4 d6 5. Nf3 O-O 6. Be2 e5 7. d5 a5 8. Bg5 h6 9. Bh4 Na6 10. Nd2 Bd7 11. O-O Qe8 12. b3 g5 {E92: King's Indian: Classical: 6 Be2 e5: 7 dxe5, 7 Be3 and Petrosian System without 7...Nbd7.} 13. Bg3 h5 14. f3 (14. Bxh5 $2 g4 $19) 14... h4 {White has an edge.} 15. Bf2 Nh5 {[#]} 16. a3 $146 ({Predecessor:} 16. g3 f6 17. Kg2 f5 18. exf5 Bxf5 19. Nde4 hxg3 20. hxg3 Qg6 21. Rh1 Nf6 22. Bd3 {½-½ (45) Andersen,J (2264)-Valente,D (2190) ICCF email 2017}) 16... Nf4 17. Rb1 Nc5 18. Re1 Ncd3 19. Bxd3 Nxd3 20. Rf1 b6 21. b4 (21. h3 $11) 21... axb4 $15 22. axb4 Ra3 23. Rb3 Rxb3 24. Qxb3 f5 25. c5 ({White should play} 25. Nb5 $14 Bxb5 26. Qxd3) 25... h3 (25... bxc5 $15 26. bxc5 h3) 26. g3 (26. g4 $1 $11) 26... fxe4 (26... bxc5 $15 27. bxc5 Qa8) 27. Ncxe4 (27. c6 $1 $14 Nxf2 28. cxd7 Qxd7 29. Kxf2 (29. Rxf2 $2 e3 $19 {[%mdl 64] Double Attack})) 27... Nxf2 $11 28. Rxf2 bxc5 29. bxc5 Qb8 (29... g4 $11) 30. Qxb8 $14 Rxb8 31. c6 Bc8 32. Nc4 {Strongly threatening Ra2.} g4 33. Rb2 Rxb2 34. Nxb2 gxf3 $11 {[%mdl 4096] Endgame Threatens to win with ...Bf5. KBB-KNN} 35. Kf2 Bg4 36. Nc4 {Na3 is the strong threat.} Kf7 37. Ne3 Bc8 38. g4 Kg6 39. Kxf3 Bh6 40. Nf5 {aiming for Ne7+.} Bf8 $2 {[%mdl 8192] Loses the game.} (40... Bxf5 41. gxf5+ Kf7 42. Nxd6+ $1 {[%mdl 512]} Ke7 43. Nb5 $18) (40... Ba6 $1 $11 {and Black is okay.}) 41. Nh4+ $18 Kf7 42. Kg3 Ba6 $2 (42... Be7 43. Nf5 (43. Kxh3 Ba6 $16) 43... Ba6) 43. Ng5+ {[%mdl 64] Double Attack} Kf6 {[#]} 44. Ne6 $1 {[%mdl 64] Double Attack} Bh6 45. Nxc7 Bf4+ 46. Kxh3 Bf1+ 47. Ng2 Ke7 48. Ne6 Bd2 49. Kg3 Bc4 50. Nc7 Kd8 51. Na8 ({Weaker is} 51. Ne6+ Kc8 $14) 51... Ba5 52. Ne3 Bd3 53. h4 Be1+ 54. Kf3 Bxh4 55. Nf5 {[%mdl 64] Double Attack} e4+ 56. Kf4 Be1 57. g5 (57. Nxd6 $142 Ke7 58. Nxe4) 57... Bd2+ 58. Ne3 Bc3 59. g6 Ke7 60. c7 Ba6 61. Nf5+ {Cut Off at move 61} Kf6 62. g7 {White mates.} Be5+ 63. Kxe4 Kf7 64. Nb6 Bxg7 65. Nxg7 Kxg7 66. c8=Q Bxc8 67. Nxc8 {Weighted Error Value: White=0.17/Black=0.39} 1-0

[Event "FIDE Online-ch U18 Open 2020"]
[Site "Online"]
[Date "2020.12.19"]
[Round "1.2"]
[White "Schnabel, Johann Emil"]
[Black "Nihal Sarin"]
[Result "0-1"]
[WhiteElo "1744"]
[BlackElo "2620"]
[Annotator "TA"]
[PlyCount "48"]
[EventDate "2020.12.19"]
[EventType "k.o."]
[EventCountry "NET"]
[SourceTitle "playchess.com"]
[Source "ChessBase"]
[SourceQuality "1"]

{[%evp 15,48,6,15,10,22,17,31,0,14,0,0,-6,0,-32,0,-22,-16,-22,-12,-46,-41,-125,-123,-147,-151,-483,-476,-578,-570,-1039,-960,-29992,-29993,-29996,-29997]} 1. e4 g6 2. d4 Bg7 3. Nf3 c6 4. h3 d6 5. Nc3 Nf6 6. Bd3 O-O 7. O-O Nbd7 8. Be3 {8.e5 is the modern continuation.} e5 9. dxe5 {B08: Pirc Defence: Classical System.} dxe5 10. Qc1 Qe7 11. Bh6 {[#] White is slightly better.} Nh5 $146 ({Predecessor:} 11... Nc5 12. a3 Nxd3 13. cxd3 Rd8 14. Bxg7 Kxg7 15. Qg5 Rxd3 16. Nxe5 h6 17. Qf4 Rd8 {0-1 (28) Linart,L (845)-Bolio,M (800) LSS email 2011}) 12. Bxg7 Kxg7 13. Ne2 Re8 14. Nh2 Qh4 15. Qe3 Nf4 16. Nf3 Qf6 17. Nxf4 exf4 18. Qd4 {[#]} ({White should play} 18. Qd2 $15) 18... Ne5 $1 $17 {[%cal Re5f3] White must now prevent ...Nxf3+.} 19. Nxe5 Rxe5 20. Rad1 $2 {[#]} (20. h4 $17 {was the crucial defense.}) 20... Bxh3 $1 $19 {[%mdl 512]} 21. f3 {[#]} (21. gxh3 Rg5+) 21... Bxg2 $1 {[%mdl 512]} 22. Qf2 (22. Kxg2 Rg5+) 22... Bh3 23. Kh2 Rh5 24. Rh1 Qg5 {White did not feel at home in the position after the opening.  Weighted Error Value: White=0.98/Black=0.04} 0-1